000 00294nam a2200133Ia 4500
100 _aKernighan/B.W/ Ritchie/D.M
942 _cBK
654 _aC
245 _aC programming language
260 _bprentice hall
_aNew Delhi
_c1986
082 _a1.6424
_bKER
300 _a228
546 _aENGLISH
999 _c27124
_d27124